000 00268nam a2200121Ia 4500
008 190216s9999||||xx |||||||||||||| ||und||
100 _aAjay Khosh
245 0 _aSnehamulla Simham
260 _bPoorna Pubs Kozhikode
300 _a221
650 _aNovel
942 _cBK
999 _c27185
_d27185